IPL - Statistics

General Stats
  • This quiz has been taken 19 times
  • The average score is 7 of 17
Answer Stats
Hint Answer % Correct
Current Chennai Super Kings
82%
Current Mumbai Indians
71%
Current Kolkata Knight Riders
59%
Past Deccan Chargers
53%
Current Gujarat Titans
53%
Current Delhi Capitals
47%
Current SunRisers Hyderabad
47%
Current Lucknow SuperGiants
41%
Past Delhi Daredevils
35%
Past Gujarat Lions
35%
Current Punjab Kings
35%
Current Rajasthan Royals
35%
Past Rising Pune Supergiants
29%
Past Pune Warriors India
18%
Past Kings 11 Punjab
12%
Past Kochi Tuskers Kerala
12%
Current Royal Challengers Banglore
12%
No matching quizzes found
Score Distribution
Percent of People with Each Score
Percentile by Number Answered
Your Score History
You have not taken this quiz